Involvement of HbMC1-mediated cell death in tapping panel dryness of rubber tree (Hevea brasiliensis) (Record no. 61668)

MARC details
000 -LEADER
fixed length control field 00592nam a2200217Ia 4500
100 ## - MAIN ENTRY--AUTHOR NAME
Personal name Liu H
245 #0 - TITLE STATEMENT
Title Involvement of HbMC1-mediated cell death in tapping panel dryness of rubber tree (Hevea brasiliensis)
260 ## - PUBLICATION, DISTRIBUTION, ETC. (IMPRINT)
Name of publisher Tree Physiology
Year of publication 2019
300 ## - PHYSICAL DESCRIPTION
Number of Pages 391-403
500 ## - GENERAL NOTE
General note Source Year: 2019
650 ## - SUBJECT ADDED ENTRY--TOPICAL TERM
Topical Term Hevea brasiliensis
650 ## - SUBJECT ADDED ENTRY--TOPICAL TERM
Topical Term Tapping panel dryness
700 ## - ADDED ENTRY--PERSONAL NAME
Personal name Dai L
700 ## - ADDED ENTRY--PERSONAL NAME
Personal name Deng Z
700 ## - ADDED ENTRY--PERSONAL NAME
Personal name Li D
700 ## - ADDED ENTRY--PERSONAL NAME
Personal name Wei Y
700 ## - ADDED ENTRY--PERSONAL NAME
Personal name Yang H
856 ## - ELECTRONIC LOCATION AND ACCESS
Uniform Resource Identifier doi:10.1093/treephys/tpy125)
942 ## - ADDED ENTRY ELEMENTS (KOHA)
Koha item type Journals
Holdings
Withdrawn status Lost status Damaged status Not for loan Home library Current library Shelving location Date acquired Serial Enumeration / chronology Koha item type
      Journals RRII Library RRII Library Physiology 17/12/2021 Volume 39, Issue Journals